000 01683cam a22003738a 4500
001 15991017
003 OSt
005 20150408114021.0
008 091119s2010 enk b 001 0 eng
010 _a 2009049072
020 _a9781405188500 (pbk. : alk. paper)
035 _a(DNLM)101519786
040 _aDNLM/DLC
_cDLC
042 _apcc
050 0 0 _aRD32.3
_b.W53 2010
060 1 0 _aWY 161
_bW636c 2010
082 0 0 _a617.917
_222
100 1 _aWicker, Paul.
_912182
245 1 0 _aCaring for the perioperative patient /
_cPaul Wicker and Joy O'Neill.
250 _a2nd ed.
260 _aChichester, UK ;
_aAmes, Iowa :
_bBlackwell,
_c2010.
263 _a1007
300 _ap. ;
_ccm.
504 _aIncludes bibliographical references and index.
505 0 _aPerioperative homeostasis / Paul Wicker -- Managing perioperative equipment / Joy O'Neill -- Perioperative pharmacology / Paul Wicker and Africa Bocos -- Perioperative communication / Joy O'Neill -- Managing perioperative risks / Joy O'Neill -- A route to enhanced competence in perioperative care / Paul Wicker and Jill Ferbrache -- Preoperative preparation of perioperative patients / Paul Wicker -- Patient care during anaesthesia / Joy O'Neill -- Patient care during surgery / Paul Wicker and Adele Nightingale -- Patient care during recovery / Paul Wicker and Felicia Cox.
650 0 _aOperating room nursing.
_912183
650 0 _aPreoperative care.
_912184
650 0 _aPostoperative care.
_912185
650 1 2 _aPerioperative Care
_xnursing.
_912186
650 2 2 _aPerioperative Nursing
_xmethods.
_910189
700 1 _aO'Neill, Joy.
_912187
942 _2ddc
_cBOOK
999 _c22081
_d256581